000 00725nam a22002177a 4500
999 _c11045
_d11045
003 AR-CdUCM
008 190402b ||||| |||| 00| 0 spa d
040 _aMUNICIPALIDAD PROVINCIAL DEL CUSCO
_cBIBLIOTECA MUNICIPAL DEL CUSCO
082 _aEP / 372.500 /
_bB24
100 _aBarnen, Radda
_928174
245 _aNaturaleza y comunidad :
_bTexto básico para alumnos /
260 _aCusco :
_bPrograma era,
_bUnicef,
_c1994.
300 _a60 paginas ;
_bilustraciones, graficos, dibujos,
_c29 cm.
500 _aTexto de educación
505 _aContenido: 1° y 2° -- 3° y 4°
650 _aTexto educativo
_925832
650 _aAprendizaje
_92143
650 _aDinamicas
_918249
942 _2ddc
_cLIBROS
945 _apjha